| 000 | 00918cam a2200253 i 4500 | ||
|---|---|---|---|
| 001 | 23250 | ||
| 003 | BD-RjUL | ||
| 005 | 20211209000917.0 | ||
| 008 | 140310s1975 ru a 000 0 eng | ||
| 035 | _a(BD-RjUL)23315 | ||
| 040 |
_aDLC _cDLC _dBD-RjUL _beng |
||
| 041 | 1 | _aengrus | |
| 082 | 0 | 0 |
_a914.7 _bGEO 1975 |
| 245 | 0 | 4 |
_aThe Geography of the U.S.S.R. : _ban introductory survey / _ceditor, J. S. Gregory ; [translated from Russian by David Fry]. |
| 260 |
_aMoscow : _bNovosti Press Agency Pub. House, _c1975. |
||
| 300 |
_a143 p. : _bill. ; _c22 cm. |
||
| 500 | _aAdapted translation of A. A. Mint︠s︡ work Geografii︠a︡ SSR. | ||
| 651 | 0 |
_aSoviet Union _xGeography. _967156 |
|
| 700 | 1 |
_aGregory, James Stothert, _d1912- _971662 |
|
| 700 | 1 |
_aMint︠s︡, A. A. _q(Alekseĭ Aleksandrovich), _d1929-1973. _tGeografii︠a︡ SSR. _971663 |
|
| 942 |
_2ddc _cBK |
||
| 999 |
_c23250 _d23250 |
||